| 000 -LEADER |
| fixed length control field |
00436cam a22001337a 4500 |
| 008 - FIXED-LENGTH DATA ELEMENTS--GENERAL INFORMATION |
| fixed length control field |
180718b1999 xxu||||| |||| 00| 0 eng d |
| 082 ## - DEWEY DECIMAL CLASSIFICATION NUMBER |
| Classification number |
A81x54 91/31/PT4A/C |
| 100 ## - MAIN ENTRY--PERSONAL NAME |
| Personal name |
Census of India 1991 |
| 245 ## - TITLE STATEMENT |
| Title |
Delhi: socio-cultural tables |
| 260 ## - PUBLICATION, DISTRIBUTION, ETC. |
| Place of publication, distribution, etc. |
New Delhi |
| Name of publisher, distributor, etc. |
The Controller of Publications |
| Date of publication, distribution, etc. |
1999 |
| 300 ## - PHYSICAL DESCRIPTION |
| Extent |
68+p. |
| 440 ## - SERIES STATEMENT/ADDED ENTRY--TITLE |
| Title |
Census of India 1991. Series 31, Delhi. Part IV A-C series |
| 650 ## - SUBJECT ADDED ENTRY--TOPICAL TERM |
| Topical term or geographic name entry element |
Delhi - Social aspects - Census |